Metodologické prístupy k plánovaniu sociálneho rozvoja územných celkov vo vzťahu k podnikom na príklade Bratislavy správa priebežnej oponentúry čiastkovej výskumnej úlohy VIII-3-3/4

Gespeichert in:
Bibliographische Detailangaben
Format: Buch
Sprache:Slowakisch
Veröffentlicht: Bratislava Vysoká škola ekonomická 1983
Tags: Tag hinzufügen
Keine Tags, Fügen Sie das erste Tag hinzu!

MARC

LEADER 00000nam a2200000 4500
001 c116461
005 20250708101230.8
041 0 |a slo 
044 |a SK 
245 1 0 |a Metodologické prístupy k plánovaniu sociálneho rozvoja územných celkov vo vzťahu k podnikom na príklade Bratislavy  |b správa priebežnej oponentúry čiastkovej výskumnej úlohy VIII-3-3/4 
264 1 |a Bratislava  |b Vysoká škola ekonomická  |c 1983 
300 |a 82 s.